|
|
|
|
| LEADER |
00951nam a2200241 a 4500 |
| 001 |
12446012 |
| 008 |
101010m20092002maua b 001 0 eng d |
| 010 |
|
|
|a 2001045060
|
| 020 |
|
|
|a 9788131717264
|
| 020 |
|
|
|a 0201760312
|
| 040 |
|
|
|a DLC
|c DLC
|d DLC
|d BD-DhAAL
|
| 082 |
0 |
0 |
|a 005.1/17
|2 21
|
| 100 |
1 |
|
|a Budd, Timothy.
|
| 245 |
1 |
3 |
|a An introduction to object-oriented programming /
|c Timothy A. Budd.
|
| 250 |
|
|
|a 3rd ed.
|
| 260 |
|
|
|a Boston ;
|a New Delhi :
|b Pearson/Addison-Wesley,
|c c2002 [impression 2009].
|
| 300 |
|
|
|a xxvi, 611 p. :
|b ill. ;
|c 24 cm.
|
| 504 |
|
|
|a Includes bibliographical references (p. 585-597) and index.
|
| 541 |
1 |
|
|e 00021184
|
| 650 |
|
0 |
|a Object-oriented programming (Computer science)
|
| 852 |
4 |
|
|a Ayesha Abed Library
|j General Shelf.
|
| 999 |
|
|
|c 9705
|d 9705
|
| 952 |
|
|
|0 0
|1 0
|2 ddc
|4 0
|6 005_117000000000000_BUD_2009
|7 0
|9 12341
|a BRACUL
|b BRACUL
|c GEN
|d 2010-10-10
|l 8
|m 37
|o 005.117 BUD
|p 3010021184
|r 2026-02-01
|s 2025-10-26
|t 1
|w 2010-10-10
|y BK
|